| 000 | 00782nam a2200229 i 4500 | ||
|---|---|---|---|
| 001 | 181406 | ||
| 003 | ES-MaACL | ||
| 005 | 20251009173343.0 | ||
| 008 | 130114s2011 sp | |||||||| | spa d | ||
| 080 | _a821.134.2-31"19" | ||
| 100 | 1 |
_aMartín, Andreu. _977266 |
|
| 245 | 1 | 0 |
_aPiel de policía / _cAndreu Martín y Carles Quílez. |
| 260 |
_a[Madrid] : _bDiario Público, _cD.L. 2011. |
||
| 300 |
_a2 v. (137, 171 p.) ; _c18 cm. |
||
| 490 | 1 | _aColección Novela negra | |
| 700 | 1 |
_aQuílez, Carles, _d1966- _9152049 |
|
| 830 | 0 |
_aNovela negra _9191448 |
|
| 852 |
_aES-MaACL _jA-12429 _pv.1 _9188306 _bR.148373 _cDEPO1 _dOlim: N-5434 |
||
| 852 |
_aES-MaACL _jA-12430 _pv.2 _9200608 _bR.148373 _cDEPO1 _dOlim: N-5435 |
||
| 942 |
_2udc _cMONOGRAFIA |
||
| 999 |
_c181406 _d181406 |
||